000
00318nam a22001457a 4500
008
230613b ||||| |||| 00| 0 eng d
020
_a
0023612002
041
_a
eng
080
_2
SECOND EDITION
_a
61
082
_a
61JON
100
_a
4
101
_a
INF
245
_a
CLINICAL ETHICS
_c
JONSEN.R.A
942
_2
udc
_c
BK
999
_c
59947
_d
59947